000 00325nam a22001457a 4500
008 210305b ||||| |||| 00| 0 eng d
020 _a9780486617084
041 _aeng
080 _a91
082 _a91
100 _a42
101 _aGJEO
245 _aThe Origin of Continents and Oceans
_cWegener, A
942 _2udc
_cBK
999 _c55859
_d55859